000 00513nam a22001697a 4500
005 20240913120447.0
008 190503b xxu||||| |||| 00| 0 eng d
020 _a978-81-85790-21-3
041 _aeng
100 _aMAHADIK, DR. K.R ,KUCHEKAR ,DR. B.S.,AND DESHMUKH,K.R.
_98336
245 _aA TEXTBOOK OF CONCISE ORGANIC PHARMACEUTICAL CHEMISTRY:PHARMACEUTICAL CHEMISTRY-II
250 _a19th ed. 2019
260 _aPUNE
_bNIRALI PUBLICATION
300 _aI.5 p,
650 _aPHARMACY
_xB.PHARMA
942 _cBK
999 _c5841
_d5839